Интонация в практике русской диалогической речи: [пособие]

מידע ביבליוגרפי
מחבר ראשי: Муханов И. Л. Иван Лукьянович
סיכום:Пособие включает 16 диалогов по обиходно-разговорным темам. Все диалоги сопровождаются лексико-грамматическими и интонационными разработками, а также коммуникативно-речевыми заданиями. Предназначается для широкого круга иностранных учащихся, владеющих основами грамматического и звукового строя русского языка и желающих усовершенствовать свои произносительные и интонационно-речевые навыки. Наличие звукового приложения, подробных комментариев и «ключей» к творческим заданиям позволяет учащимся использовать пособие как в работе с преподавателем, так и самостоятельно.
שפה:רוסית
יצא לאור: Москва, Русский язык. Курсы, 2006
מהדורה:4-е изд., испр.
נושאים:
פורמט: לא ידוע
KOHA link:https://koha.lib.tpu.ru/cgi-bin/koha/opac-detail.pl?biblionumber=128772

MARC

LEADER 00000nmm0a2200000 4500
001 128772
005 20231031133105.0
010 |a 5883371051 
035 |a (RuTPU)RU\TPU\book\139362 
090 |a 128772 
100 |a 20080114d2006 m y0rusy50 ca 
101 0 |a rus 
102 |a RU 
105 |a a j 000zy 
200 1 |a Интонация в практике русской диалогической речи  |e [пособие]  |f И. Л. Муханов 
205 |a 4-е изд., испр. 
210 |a Москва  |c Русский язык. Курсы  |d 2006 
215 |a 176 с.  |c ил.  |e CD-ROM 
330 |a Пособие включает 16 диалогов по обиходно-разговорным темам. Все диалоги сопровождаются лексико-грамматическими и интонационными разработками, а также коммуникативно-речевыми заданиями. Предназначается для широкого круга иностранных учащихся, владеющих основами грамматического и звукового строя русского языка и желающих усовершенствовать свои произносительные и интонационно-речевые навыки. Наличие звукового приложения, подробных комментариев и «ключей» к творческим заданиям позволяет учащимся использовать пособие как в работе с преподавателем, так и самостоятельно. 
610 1 |a русский язык 
610 1 |a русский язык как иностранный 
610 1 |a лексика 
610 1 |a разговорная речь 
610 1 |a фонетика 
610 1 |a интонация 
610 1 |a упражнения 
610 1 |a CD-ROM курс 
610 1 |a учебные пособия 
686 |a Ш141.2-96  |v LBC/SL-A  |2 rubbk 
700 1 |a Муханов  |b И. Л.  |g Иван Лукьянович 
801 1 |a RU  |b 63413507  |c 20080114  |g PSBO 
801 2 |a RU  |b 63413507  |c 20190328  |g PSBO 
942 |c MX 
959 |a 2/20080114  |d 3  |e 300,00  |f ЧЗИЛ:1  |f ЯЦ_ИМО:2